<The> World almanac and book of facts 2003 <the> authority since 1868

Saved in:
Bibliographic Details
Format: Book
Language:English
Published: New York World Almanac Books 2003
Subjects:
Tags: Add Tag
No Tags, Be the first to tag this record!

MARC

LEADER 00000nam a2200000 4500
001 c143008
005 20230314080510.4
020 |a 0-88687-882-9 
041 0 |a eng 
044 |a US 
245 1 0 |a <The> World almanac and book of facts 2003  |b <the> authority since 1868 
264 1 |a New York  |b World Almanac Books  |c 2003 
300 |a 1008 s. 
610 2 0 |a informácie sociálno-ekonomické 
610 2 0 |a USA 
610 2 0 |a demografia 
610 2 0 |a geografia